Statistics for Multiple Nobel Prize winners

Click here to take the quiz!

General Stats

  • This quiz has been taken 27 times
    (3 since last reset)
  • The average score is 3 of 7

Answer Stats

PrizeYearWinner% Correct
Chemistry1958, 1980Frederick Sanger
67%
Chemistry, Peace1954, 1962Linus Pauling
67%
Physics, Chemistry1903, 1911Marie Skłodowska-Curie
67%
Peace1917, 1944International Committee of the Red Cross
33%
Physics1956, 1972John Bardeen
33%
Chemistry2001, 2022Karl Sharpless
33%
Peace1954, 1981UN High Commissioner for Refugees
0%

Score Distribution

Percentile by Number Answered

Percent of People with Each Score

Your Score History

You have not taken this quiz since the last reset